Groundbreaking guys : (Record no. 1894)

MARC details
000 -LEADER
fixed length control field 02730cam a2200505 i 4500
001 - CONTROL NUMBER
control field data
005 - DATE AND TIME OF LATEST TRANSACTION
control field 20260322212123.0
008 - FIXED-LENGTH DATA ELEMENTS--GENERAL INFORMATION
fixed length control field data
035 ## - SYSTEM CONTROL NUMBER
System control number 20774114
010 ## - LIBRARY OF CONGRESS CONTROL NUMBER
LC control number 2018053959
020 ## - INTERNATIONAL STANDARD BOOK NUMBER
International Standard Book Number 9780316529419
Qualifying information hardcover
020 ## - INTERNATIONAL STANDARD BOOK NUMBER
Canceled/invalid ISBN 9780316529372 (ebook)
020 ## - INTERNATIONAL STANDARD BOOK NUMBER
Canceled/invalid ISBN 9780316529365 (ebook)
020 ## - INTERNATIONAL STANDARD BOOK NUMBER
Canceled/invalid ISBN 9780316529389 (library edition ebook)
040 ## - CATALOGING SOURCE
Original cataloging agency LBSOR/DLC
Language of cataloging eng
Transcribing agency LBSOR
Description conventions rda
Modifying agency DLC
042 ## - AUTHENTICATION CODE
Authentication code pcc
050 00 - LIBRARY OF CONGRESS CALL NUMBER
Classification number CT105
Item number .P43 2019
082 00 - DEWEY DECIMAL CLASSIFICATION NUMBER
Classification number 920.71
Edition information 23
100 1# - MAIN ENTRY--PERSONAL NAME
Personal name Peters, Stephanie True,
Dates associated with a name 1965-
Relator term author.
245 10 - TITLE STATEMENT
Title Groundbreaking guys :
Remainder of title 40 men who became great by doing good /
Statement of responsibility, etc. Stephanie True Peters ; illustrated by Shamel Washington.
246 3# - VARYING FORM OF TITLE
Title proper/short title Groundbreaking guys :
Remainder of title forty men who became great by doing good
250 ## - EDITION STATEMENT
Edition statement First edition.
264 #1 - PRODUCTION, PUBLICATION, DISTRIBUTION, MANUFACTURE, AND COPYRIGHT NOTICE
Place of production, publication, distribution, manufacture New York :
Name of producer, publisher, distributor, manufacturer Little, Brown and Company,
Date of production, publication, distribution, manufacture, or copyright notice 2019.
300 ## - PHYSICAL DESCRIPTION
Extent 92 pages :
Other physical details color illustrations ;
Dimensions 24 cm
336 ## - CONTENT TYPE
Content type term text
Source rdacontent
337 ## - MEDIA TYPE
Media type term unmediated
Source rdamedia
338 ## - CARRIER TYPE
Carrier type term volume
Source rdacarrier
504 ## - BIBLIOGRAPHY, ETC. NOTE
Bibliography, etc. note Includes bibliographical references.
505 0# - FORMATTED CONTENTS NOTE
Formatted contents note John Stuart Mill -- Robert Smalls -- Louis Brandeis -- Dalip Singh Saund -- Feng Shan Ho -- Alan Turing -- Jonas Salk -- James Baldwin -- Thich Nhat Hanh -- Cesar Chavez -- Fred Rogers -- Maurice Sendak -- Harvey Milk -- Roberto Clemente -- N. Scott Momaday -- Walter Dean Myers -- Patrick Stewart + Ian McKellen -- Muhammad Yunus -- Carlos Slim Helu -- Hayao Miyazaki -- Muhammad Ali -- Bob Ross -- Steven Spielberg -- Freddie Mercury -- Kareem Abdul-Jabbar -- Randy Shilts -- Kailash Satyarthi -- Bill Gates -- Anthony Bourdain -- John Herrington -- George Clooney -- Barack Obama -- Yo-Yo Ma -- Kylar Broadus -- Terry Crews -- Ziauddin Yousafzai -- Questlove -- Lin Manuel Miranda -- Kendrick Lamar.
520 ## - SUMMARY, ETC.
Summary, etc. "This illustrated survey book is a collection of forty diverse men who helped their communities"--
Assigning source Provided by publisher.
521 ## - TARGET AUDIENCE NOTE
Target audience note Ages 8-12.
650 #0 - SUBJECT ADDED ENTRY--TOPICAL TERM
Topical term or geographic name entry element Men
Form subdivision Biography.
650 #0 - SUBJECT ADDED ENTRY--TOPICAL TERM
Topical term or geographic name entry element Artists
Form subdivision Biography.
650 #0 - SUBJECT ADDED ENTRY--TOPICAL TERM
Topical term or geographic name entry element Celebrities
Form subdivision Biography.
650 #0 - SUBJECT ADDED ENTRY--TOPICAL TERM
Topical term or geographic name entry element Heroes
Form subdivision Biography.
650 #7 - SUBJECT ADDED ENTRY--TOPICAL TERM
Topical term or geographic name entry element Men
Form subdivision Biography.
Source of heading or term sears
650 #7 - SUBJECT ADDED ENTRY--TOPICAL TERM
Topical term or geographic name entry element Celebrities
Form subdivision Biography.
Source of heading or term sears
655 #7 - INDEX TERM--GENRE/FORM
Genre/form data or focus term Biographies.
Source of term lcgft
Authority record control number or standard number https://id.loc.gov/authorities/genreForms/gf2014026049
700 1# - ADDED ENTRY--PERSONAL NAME
Personal name Washington, Shamel,
Relator term illustrator.
906 ## - LOCAL DATA ELEMENT F, LDF (RLIN)
a 7
b cbc
c orignew
d 1
e ecip
f 20
g y-gencatlg
925 0# -
-- acquire
-- 1 shelf copy
-- policy default
955 ## - COPY-LEVEL INFORMATION (RLIN)
-- rf10 2018-12-10 (telework) to Dewey
-- xm08 2018-12-10 (telework)
-- rf06 2019-08-29 (episodic telework) to CALM
985 ## -
-- LBSORCIP
-- 2018-12-10
Holdings
Withdrawn status Lost status Damaged status Not for loan Home library Current library Shelving location Date acquired Total checkouts Full call number Barcode Date last seen Price effective from Koha item type
        Troy Troy General stacks 22/03/2026   920.71 LOC-TPL-00026 22/03/2026 22/03/2026 Books